Electric machinery and transformers (Record no. 440)

000 -LEADER
fixed length control field 00469nam a2200193 4500
001 - CONTROL NUMBER
control field 440
003 - CONTROL NUMBER IDENTIFIER
control field BD-DhUET
008 - FIXED-LENGTH DATA ELEMENTS--GENERAL INFORMATION
fixed length control field 140721b xxu||||| |||| 00| 0 eng d
020 ## - INTERNATIONAL STANDARD BOOK NUMBER
International Standard Book Number 81203007755
040 ## - CATALOGING SOURCE
Transcribing agency 0
Modifying agency BD-DhUET
082 ## - DEWEY DECIMAL CLASSIFICATION NUMBER
Classification number 623.1042
Item number KOS/1991
100 ## - MAIN ENTRY--PERSONAL NAME
Personal name Kosow, Irving L.
245 ## - TITLE STATEMENT
Title Electric machinery and transformers
250 ## - EDITION STATEMENT
Edition statement 2nd ed.
260 ## - PUBLICATION, DISTRIBUTION, ETC. (IMPRINT)
Place of publication, distribution, etc. New Delhi
Name of publisher, distributor, etc. Prentice-Hall
Date of publication, distribution, etc. 1991
300 ## - PHYSICAL DESCRIPTION
Extent xiv,626p.
650 #0 - SUBJECT ADDED ENTRY--TOPICAL TERM
Topical term or geographic name as entry element Electric machinery
942 ## - ADDED ENTRY ELEMENTS (KOHA)
Koha item type General Book
Holdings
Sublocation or collection (holding branch) Price effective from Koha date last borrowed Koha normalized classification for sorting Copy number Koha issues (times borrowed) Date acquired Not for loan Koha full call number Withdrawn status Shelving location Koha item type Piece designation (barcode) Source of classification or shelving scheme Lost status Damaged status Location (home branch) Koha date last seen
Central Library, BUET2014-07-21 623_104200000000000_KOS_19911 2014-07-21 623.1042/KOS/1991 Circulation sectionGeneral Book103680   Central Library, BUET2014-07-21
Central Library, BUET2014-07-21 623_104200000000000_KOS_19912 2014-07-21 623.1042/KOS/1991 Circulation sectionGeneral Book103681   Central Library, BUET2016-12-07
Central Library, BUET2014-07-212021-12-05623_104200000000000_KOS_1991312014-07-21 623.1042/KOS/1991 Circulation sectionGeneral Book103682   Central Library, BUET2021-12-15
Central Library, BUET2014-07-21 623_104200000000000_KOS_19914 2014-07-21 623.1042/KOS/1991 Circulation sectionGeneral Book103683   Central Library, BUET2014-07-21
Central Library, BUET2014-07-21 623_000000000000000_1042KOS1995 2014-07-21 623.1042/KOS/1991 Circulation sectionGeneral Book103684   Central Library, BUET2014-07-21
Central Library, BUET2014-07-21 623_104200000000000_KOS_19916 2014-07-21 623.1042/KOS/1991 Circulation sectionGeneral Book103685   Central Library, BUET2014-07-21
Central Library, BUET2014-07-21 623_104200000000000_KOS_19917 2014-07-21 623.1042/KOS/1991 Circulation sectionGeneral Book103686   Central Library, BUET2014-07-21
Central Library, BUET2014-07-21 623_000000000000000_1042KOS1998 2014-07-21 623.1042/KOS/1991 Circulation sectionGeneral Book103688   Central Library, BUET2016-11-29
Central Library, BUET2014-07-21 623_104200000000000_KOS_19919 2014-07-21 623.1042/KOS/1991 Circulation sectionGeneral Book103689   Central Library, BUET2017-03-11